000 00984nam a22002537a 4500
003 OSt
005 20250304115352.0
008 250304b |||||||| |||| 00| 0 eng d
020 _a9780124297852 (paperback)
040 _aNUST
_beng
_cNUST
_dNUST
_erda
050 _aQD262 KUR
100 _aKürti, László
_eAuthor
245 _aStrategic applications of named reactions in organic synthesis :
_bbackground and detailed mechanisms /
_cby László Kürti and Barbara Czakó.
260 _aAmsterdam ; Boston :
_bElsevier Academic Press,
_c2005.
300 _alii, 758 pages :
_b color illustrations ;
_c29 cm.
336 _2rdamedia
_atext
_btxt
337 _2rdamedia
_aunmediated
_bn
338 _2rdamedia
_avolume
_bnc
504 _aIncludes bibliographical references (pages 531-714) and index.
650 _vOrganic compounds -- Synthesis.
650 _vChemistry, Organic.
700 _aCzakó, Barbara
_eAuthor
942 _2lcc
_cBOOKS
_hQD262 KUR
_kQD
_mKUR
_n0
999 _c171387
_d171387